| 000 | 00342nam a2200133 a 4500 | ||
|---|---|---|---|
| 001 | 4917 | ||
| 003 | CDMR | ||
| 005 | 20130116135302.0 | ||
| 008 | 130130s1997||||||||||||||||||||||||||||d | ||
| 040 |
_aCDMR _bcat _cCPC GIRONA |
||
| 245 | 0 |
_aInforme del SÃndic _bNovembre de 1995 setembre de 1996 |
|
| 260 |
_c1997 _bUniversitat de Girona |
||
| 942 | _cMON | ||
| 999 |
_c4917 _d4917 |
||